[Event "London Classic op U1750 8th"]
[Site "London"]
[Date "2016.12.14"]
[Round "3"]
[White "Nyenhuis, Yannek"]
[Black "Jiang, Anthony Y"]
[Result "1/2-1/2"]
[WhiteElo "1545"]
[BlackElo "1412"]
[PlyCount "73"]
[EventDate "2016.12.12"]
[EventType "swiss"]
[EventRounds "5"]
[EventCountry "ENG"]
[SourceTitle "EXT 2019"]
[Source "ChessBase"]
[SourceDate "2018.10.10"]
[SourceVersion "1"]
[SourceVersionDate "2018.10.10"]
[SourceQuality "1"]

1. e4 c6 2. d4 d5 3. Nd2 dxe4 4. Nxe4 Bf5 5. Ng3 Bg6 6. Nf3 Nf6 7. Bc4 e6 8. 0-0 Bd6 9. Ne5 0-0 10. Bg5 Be7 11. Nxg6 hxg6 12. Re1 Nbd7 13. Qf3 Nh7 14. Bxe7 Qxe7 15. Ne4 Ndf6 16. Nc5 Nd5 17. Bxd5 cxd5 18. Qxd5 b6 19. Nd3 Rad8 20. Qe4 Nf6 21. Qh4 g5 22. Qxg5 Rxd4 23. Nf4 Nd5 24. Qxe7 Nxe7 25. Nd3 Rc8 26. Rac1 Ng6 27. b3 Rc3 28. f3 Kf8 29. Nf2 Nf4 30. Ne4 Rc6 31. g3 Nd5 32. a3 Nc3 33. Nxc3 Rxc3 34. Kf2 Rd2+ 35. Re2 Rd5 36. f4 Ke7 37. Re3 1/2-1/2